[Event "Tourn. n7987"]
[Site "www.chess-mail.com"]
[Date "2015.02.23"]
[Round "1"]
[White "Gatrooper"]
[Black "Bluetealeaf"]
[WhiteElo "1460"]
[BlackElo "1700"]
[Result "0-1"]
[Round "1"]
1.e4 e5
2.a3 Ng8f6
3.Nb1c3 c6
4.h3 Bf8d6
5.Ng1f3 h6
6.d3 g5
7.Bf1e2 Qd8e7
8.Bc1d2 Qe7e6
9.Nf3h2 b6
10.Be2g4 Nf6xg4
11.hxg4 Bc8a6
12.f3 h5
13.Bd2xg5 hxg4
14.fxg4 f6
15.Bg5e3 Ba6b7
16.Qd1f3 Nb8a6
17.O-O-O O-O-O
18.g5 Rd8f8
19.g6 Rh8g8
 { time }
0-1

[Event "Tourn. n8095"]
[Site "www.chess-mail.com"]
[Date "2015.02.23"]
[Round "1"]
[White "F14"]
[Black "Sorren"]
[WhiteElo "1599"]
[BlackElo "1840"]
[Result "0-1"]
[Round "1"]
1.d4 Ng8f6
2.c4 e6
3.Nb1c3 Bf8b4
4.a3 Bb4xc3
5.bxc3 O-O
6.Bc1g5 h6
7.Bg5xf6 Qd8xf6
8.e3 c5
9.Ng1f3 Nb8c6
10.Bf1e2 d6
11.d5 Qf6xc3
12.Nf3d2 exd5
13.cxd5 Nc6e5
14.O-O Bc8f5
15.e4 Bf5g6
16.a4 Rf8e8
17.Ra1c1 Qc3d4
18.Qd1c2 Ra8c8
19.Qc2c3 Qd4xa4
20.f3 Qa4d7
21.Rc1b1 a6
22.Nd2c4 Ne5xc4
23.Be2xc4 b5
24.Bc4e2 b4
25.Qc3a1 Rc8a8
26.Rb1b2 a5
27.Rb2a2 Qd7c7
28.Be2b5 Re8b8
29.Bb5c4 b3
30.Ra2b2 a4
31.Qa1a3 Qc7b6
32.Rf1b1 Qb6b4
33.Qa3xb4 Rb8xb4
34.Bc4xb3 Rb4xb3
35.Rb2xb3 axb3
36.Rb1xb3 f5
37.exf5 Bg6xf5
38.h3 Bf5g6
39.Rb3b6 Ra8d8
40.Rb6b2 Bg6f7
41.Rb2d2 Rd8e8
42.f4 Re8e4
43.g3 Re4d4
44.Rd2xd4 cxd4
45.Kf2 Bf7xd5
46.Ke2 Bd5e4
47.g4 Kf7
48.h4 Kf6
49.g5 hxg5
50.hxg5 Kf5
51.g6 Kxf4
{ resign }
0-1

[Event "Tourn. n8058"]
[Site "www.chess-mail.com"]
[Date "2015.02.23"]
[Round "1"]
[White "Cathar"]
[Black "Krasin"]
[WhiteElo "2120"]
[BlackElo "2300"]
[Result "1/2-1/2"]
[Round "1"]
1.d4 f5
2.Bc1g5 h6
3.Bg5h4 g5
4.e4 Ng8f6
5.e5 e6
6.Bh4g3 f4
7.Bf1d3 Rh8g8
8.exf6 Qd8xf6
9.Qd1h5 Qf6f7
10.Qh5xf7 Kxf7
11.Ng1f3 Nb8c6
12.c3 fxg3
13.hxg3 d5
14.Nb1d2 Bc8d7
15.O-O-O g4
16.Nf3g1 e5
17.dxe5 Nc6xe5
18.Bd3c2 Ra8e8
19.Ng1e2 Ne5g6
20.Bc2xg6 Rg8xg6
21.Ne2f4 Rg6d6
22.Nd2f1 c6
23.Nf1e3 Rd6f6
24.c4 Bf8c5
25.cxd5 Bc5xe3
26.fxe3 Re8xe3
27.Rd1d3 Re3xd3
28.Nf4xd3 cxd5
29.Nd3f4 Bd7f5
30.Nf4xd5 Rf6c6
31.Nd5c3 b5
32.a3 a5
33.Kd1 b4
34.axb4 axb4
35.Nc3e2 Rc6d6
36.Kc1 Rd6c6
37.Kd1 Rc6d6
{ draw }
1/2-1/2

[Event "Tourn. n8003"]
[Site "www.chess-mail.com"]
[Date "2015.02.23"]
[Round "1"]
[White "Albertf"]
[Black "Gatrooper"]
[WhiteElo "1620"]
[BlackElo "1450"]
[Result "1-0"]
[Round "1"]
1.d4 d5
2.c4 dxc4
3.e3 e6
4.Bf1xc4 a6
5.Ng1f3 Nb8c6
6.O-O h6
7.Nb1c3 Ng8f6
8.Nf3e5 Nc6xe5
9.dxe5 Nf6d7
10.Qd1d3 Nd7xe5
11.Qd3xd8 Kxd8
12.Bc4b3 Ne5d3
13.Rf1d1 Bc8d7
14.Rd1xd3 Bf8d6
15.Nc3e4 Bd7b5
16.Rd3d2  { time }
1-0

[Event "Tourn. n7922"]
[Site "www.chess-mail.com"]
[Date "2015.02.23"]
[Round "1"]
[White "Hali"]
[Black "Terrible"]
[WhiteElo "2190"]
[BlackElo "2240"]
[Result "0-1"]
[Round "1"]
1.e4 e5
2.Nb1c3 Ng8f6
3.f4 Nb8c6
4.fxe5 Nc6xe5
5.d4 Ne5g6
6.e5 Nf6g8
7.Ng1f3 d6
8.Bf1c4 dxe5
9.O-O Bc8e6
10.Bc4xe6 fxe6
11.Nf3g5 Ng8f6
12.Ng5xe6 Qd8d7
13.Nc3b5 Bf8d6
14.dxe5 Ng6xe5
15.Nb5xd6 cxd6
16.Ne6xg7 Qd7xg7
17.Qd1xd6 Nf6d7
18.Bc1d2 O-O-O
19.Bd2c3 Rh8f8
20.Kh1 Rf8xf1
21.Ra1xf1 Qg7g5
22.Bc3a5 b6
23.Ba5e1 h5
24.c4 Nd7c5
25.Rf1f8 Rd8xf8
26.Qd6xf8 Kb7
27.h3 Qg5c1
28.Qf8e7 Nc5d7
29.Qe7h4 Ne5xc4
30.b3 Nc4e5
31.Kh2 Qc1b1
32.Be1g3 Qb1f5
33.a4 Nd7c5
34.Qh4e7 Ne5d7
35.Qe7d6 Qf5e6
36.Qd6c7 Ka6
37.Qc7c8 Ka5
38.Qc8c7 Kb4
39.Qc7xa7 Kxb3
40.a5 b5
41.Qa7a8 b4
42.Qa8c8 Ka4
43.Bg3c7 b3
44.Qc8h8 Qe6d5
45.Qh8b2 Qd5d1
46.Qb2c3 Qd1c2
47.Qc3a1 Qc2a2
48.Qa1d4 Kb5
49.Qd4d5 Qa2c2
50.a6 Kxa6
51.Qd5c6 Ka7
52.Bc7d8 Qc2e4
53.Qc6b5 Qe4b7
54.Qb5a5 Kb8
55.Qa5e1 b2
56.Qe1b1 Qb7b4
57.Bd8a5 Qb4b3
58.Ba5d2 Nc5d3
59.Bd2h6 Nd7e5
60.Bh6g7 Kc7
61.Bg7f6 Kd6
62.Bf6g7 Kd5
63.Kg1 Qb3c4
64.Bg7h6 Qc4c3
65.Kh2 Kc4
66.Qb1a2 Qc3b3
67.Qa2b1 Kc3
68.Bh6g7 Qb3c2
69.Bg7xe5 Nd3xe5
70.Qb1e1 Kd4
71.Qe1h4 Qc2e4
72.Qh4f2 Kc3
73.Qf2c5 Ne5c4
{ resign }
0-1

[Event "Tourn. n8038"]
[Site "www.chess-mail.com"]
[Date "2015.02.23"]
[Round "1"]
[White "Difficult"]
[Black "Cristero"]
[WhiteElo "2000"]
[BlackElo "2100"]
[Result "0-1"]
[Round "1"]
1.d4 d5
2.c4 c6
3.cxd5 cxd5
4.Nb1c3 Ng8f6
5.Ng1f3 Nb8c6
6.e3 Bc8f5
7.Bf1b5 Ra8c8
8.Nf3e5 e6
9.O-O Bf8d6
10.f4 O-O
11.Bb5xc6 bxc6
12.b3 c5
13.Nc3b5 Bd6b8
14.Bc1b2 Nf6e4
15.g4 Bf5g6
16.Ne5xg6 hxg6
17.dxc5 Ne4xc5
18.Qd1d4 a6
19.Nb5c3 Bb8a7
20.Qd4d2 Nc5e4
21.Nc3xe4 dxe4
22.Bb2d4 Ba7xd4
23.exd4 Qd8h4
24.Qd2g2 f5
25.g5 Rc8c3
26.Ra1d1 Rf8c8
27.Rf1f2 Kf7
28.Qg2f1 Qh4g4
29.Kh1 Qg4xd1
30.Qf1xd1 Rc3c1
{ resign }
0-1

[Event "Tourn. n8073"]
[Site "www.chess-mail.com"]
[Date "2015.02.23"]
[Round "1"]
[White "Anja"]
[Black "Nimzo2"]
[WhiteElo "1500"]
[BlackElo "1659"]
[Result "0-1"]
[Round "1"]
1.d4 f5
2.Ng1f3 Ng8f6
3.Bc1f4 g6
4.c4 Bf8g7
5.e3 O-O
6.Bf1d3 c5
7.O-O Nb8a6
8.Nb1c3 d6
9.dxc5 Na6xc5
10.b4 Nc5xd3
11.Qd1xd3 e5
12.Bf4g5 e4
13.Bg5xf6 Rf8xf6
14.Qd3d5 Bc8e6
15.Qd5xb7 Rf6f7
16.Qb7c6 Ra8c8
17.Qc6a4 exf3
{ resign }
0-1

[Event "Tourn. n7964"]
[Site "www.chess-mail.com"]
[Date "2015.02.23"]
[Round "1"]
[White "Gatrooper"]
[Black "Genius9"]
[WhiteElo "1440"]
[BlackElo "1270"]
[Result "0-1"]
[Round "1"]
1.e4 d6
2.d4 g6
3.d5 Bf8g7
4.Nb1c3 Ng8f6
5.Ng1f3 O-O
6.h3 c5
7.a3 a6
8.Nf3g5 h6
9.Ng5f3 b5
10.h4 Bc8g4
11.Bf1e2 Nb8d7
12.Nf3h2 Bg4xe2
13.Qd1xe2 c4
14.Nh2f3 Qd8c7
15.h5 Nf6xh5
16.g4 Nh5f6
17.g5 hxg5
 { time }
0-1

[Event "Tourn. n7856"]
[Site "www.chess-mail.com"]
[Date "2015.02.23"]
[Round "1"]
[White "Ingauno64"]
[Black "Pgcbies"]
[WhiteElo "2510"]
[BlackElo "2740"]
[Result "1/2-1/2"]
[Round "1"]
1.Ng1f3 Ng8f6
2.c4 g6
3.g3 Bf8g7
4.Bf1g2 O-O
5.O-O c6
6.b3 d5
7.Bc1b2 Bc8g4
8.d3 Nb8d7
9.Nb1d2 Qd8b6
10.Qd1c2 Rf8e8
11.h3 Bg4xf3
12.Nd2xf3 Nf6h5
13.Bb2xg7 Kxg7
14.d4 e6
15.e3 Nh5f6
16.Rf1d1 Nf6e4
17.Ra1c1 f5
18.Nf3d2 Nd7f6
19.a3 Ne4xd2
20.Qc2xd2 Nf6e4
21.Qd2e1 Kg8
22.Rc1b1 Qb6c7
23.f4 Ne4f6
24.Bg2f3 h6
25.Rd1c1 g5
26.b4 a6
27.c5 Kf7
28.a4 Re8g8
29.Kh1 h5
30.Rc1c2 Rg8g7
31.b5 axb5
32.axb5 g4
33.hxg4 hxg4
34.Bf3g2 Rg7h7
35.Kg1 Kg6
36.bxc6 bxc6
37.Rb1b6 Nf6e4
38.Rb6b2 Qc7a5
39.Qe1xa5 Ra8xa5
40.Rb2a2 Ra5xa2
41.Rc2xa2 Ne4xg3
42.Ra2a6 Rh7c7
43.Kf2 Ng3h5
{ draw }
1/2-1/2

[Event "Tourn. n8073"]
[Site "www.chess-mail.com"]
[Date "2015.02.23"]
[Round "1"]
[White "Bbking"]
[Black "Anja"]
[WhiteElo "1540"]
[BlackElo "1500"]
[Result "1-0"]
[Round "1"]
1.e4 Ng8f6
2.Nb1c3 d5
3.e5 d4
4.exf6 dxc3
5.bxc3 exf6
6.d4 Bf8d6
7.Ng1f3 Bc8g4
8.h3 Bg4h5
9.g4 Bh5g6
10.Bf1d3 Bg6xd3
11.Qd1xd3 O-O
12.c4 Nb8c6
13.d5 Rf8e8
14.Bc1e3 Nc6e5
15.Nf3xe5 Bd6xe5
16.O-O Be5xa1
17.Rf1xa1 Qd8d7
18.Be3f4 { resign }
1-0

[Event "Tourn. n7937"]
[Site "www.chess-mail.com"]
[Date "2015.02.23"]
[Round "1"]
[White "Genius9"]
[Black "Gatrooper"]
[WhiteElo "1220"]
[BlackElo "1340"]
[Result "1-0"]
[Round "1"]
1.e4 e5
2.Bf1c4 d6
3.Ng1f3 Bc8e6
4.Bc4xe6 fxe6
5.d4 exd4
6.Nf3xd4 e5
7.Nd4f5 h6
8.Qd1h5 Kd7
9.Nb1c3 Kc8
10.Qh5f7 g6
11.Qf7e6 Nb8d7
12.Nf5e3 Kb8
13.O-O Nd7c5
14.Qe6c4 Ng8f6
15.f3 a6
16.Nc3d5 Nf6xd5
17.Ne3xd5 c6
18.Nd5c3 b5
19.Qc4e2 b4
20.Nc3d1 Qd8b6
21.Bc1e3 Bf8g7
22.a3 bxa3
23.Ra1xa3 Kc8
24.Ra3b3 Qb6d8
25.Be3xc5 dxc5
26.Nd1e3 a5
27.Rf1d1  { time }
1-0

[Event "Tourn. n7987"]
[Site "www.chess-mail.com"]
[Date "2015.02.23"]
[Round "1"]
[White "Birdchess"]
[Black "Gatrooper"]
[WhiteElo "1660"]
[BlackElo "1480"]
[Result "1-0"]
[Round "1"]
1.e4 e5
2.Ng1f3 Nb8c6
3.Bf1b5 a6
4.Bb5xc6 dxc6
5.d4 exd4
6.Qd1xd4 Qd8xd4
7.Nf3xd4 Bf8c5
8.Nd4e2 Bc8g4
9.f3 Bg4e6
10.Nb1c3 Bc5b4
11.Bc1d2 Bb4xc3
12.Bd2xc3 f6
13.O-O-O Be6xa2
14.b3 a5
15.Kb2 Ba2xb3
16.cxb3 a4
17.bxa4 Ra8xa4
18.Rd1d2 Ng8e7
19.Ne2d4  { time }
1-0

[Event "Tourn. n7976"]
[Site "www.chess-mail.com"]
[Date "2015.02.23"]
[Round "1"]
[White "Kozakliuty"]
[Black "Gatrooper"]
[WhiteElo "1500"]
[BlackElo "1440"]
[Result "1-0"]
[Round "1"]
1.g4 g5
2.Bf1g2 d5
3.h3 e6
4.d4 a6
5.Nb1c3 Ng8f6
6.Bc1xg5 Bf8e7
7.Ng1f3 Nf6d7
8.Bg5xe7 Qd8xe7
9.Qd1d2 h6
10.O-O-O Nb8c6
11.a3 Nd7f6
12.Rh1e1 Bc8d7
13.e4 dxe4
14.Nc3xe4 Nf6xe4
15.Re1xe4 O-O-O
16.c3  { time }
1-0

[Event "Tourn. n8035"]
[Site "www.chess-mail.com"]
[Date "2015.02.23"]
[Round "1"]
[White "Genius9"]
[Black "Gorgo"]
[WhiteElo "1600"]
[BlackElo "1599"]
[Result "0-1"]
[Round "1"]
1.c4 e5
2.Nb1c3 Nb8c6
3.g3 Bf8c5
4.Bf1g2 d6
5.e3 Bc5b6
6.Nc3d5 Ng8f6
7.Ng1e2 O-O
8.O-O Bc8g4
9.h3 Bg4f5
10.Nd5xb6 axb6
11.Ne2c3 Bf5d3
12.Rf1e1 Nc6b4
13.Bg2f1 Qd8d7
14.Bf1xd3 Nb4xd3
15.Re1f1 Qd7xh3
16.Qd1f3 Qh3e6
17.Qf3xb7 e4
{ resign }
0-1

[Event "Tourn. n7976"]
[Site "www.chess-mail.com"]
[Date "2015.02.23"]
[Round "1"]
[White "Gatrooper"]
[Black "Paco6"]
[WhiteElo "1440"]
[BlackElo "1540"]
[Result "0-1"]
[Round "1"]
1.e4 e5
2.a3 Ng8f6
3.Nb1c3 Bf8c5
4.d3 d6
5.Bc1g5 O-O
6.Nc3d5 Nb8d7
7.Bg5xf6 Nd7xf6
8.h3 c6
9.Nd5xf6 Qd8xf6
10.Ng1f3 b6
11.c3 Bc8a6
12.c4 Ra8e8
13.d4 exd4
14.Bf1d3 Qf6e6
15.Nf3g5 Qe6g6
16.h4 d5
17.cxd5 Ba6xd3
18.Qd1xd3 Qg6h5
19.f3 Qh5g6
20.O-O-O cxd5
21.g3 a5
22.f4 dxe4
 { time }
0-1

[Event "Tourn. n7964"]
[Site "www.chess-mail.com"]
[Date "2015.02.23"]
[Round "1"]
[White "Gatrooper"]
[Black "Kozakliuty"]
[WhiteElo "1440"]
[BlackElo "1500"]
[Result "0-1"]
[Round "1"]
1.e4 b6
2.d4 e6
3.e5 f6
4.exf6 Ng8xf6
5.h3 Bc8b7
6.f3 Nf6d5
7.a3 Qd8h4
8.Ke2 Bb7a6
9.c4 Ba6xc4
10.Kd2 g6
11.Bf1xc4 Qh4xd4
12.Ke1 Qd4h4
13.Kf1 Bf8c5
14.Qd1e2 O-O
15.Bc4xd5 exd5
16.Bc1e3 Rf8e8
 { time }
0-1

[Event "Tourn. n8042"]
[Site "www.chess-mail.com"]
[Date "2015.02.23"]
[Round "1"]
[White "Hansen"]
[Black "Gatrooper"]
[WhiteElo "1490"]
[BlackElo "1490"]
[Result "1-0"]
[Round "1"]
1.e4 e5
2.g3 a6
3.h4 h6
4.Nb1c3 Ng8f6
5.a3 Nb8c6
6.Bf1c4 d5
7.exd5 Nc6d4
8.h5 b5
9.Bc4d3 Nf6g4
10.Ng1h3 Qd8f6
11.Nc3e4 Qf6d8
12.c3  { time }
1-0

[Event "Tourn. n7890"]
[Site "www.chess-mail.com"]
[Date "2015.02.23"]
[Round "1"]
[White "Picifarkinca"]
[Black "Cardiff"]
[WhiteElo "1910"]
[BlackElo "2040"]
[Result "1-0"]
[Round "1"]
1.Ng1f3 c5
2.g3 d5
3.Bf1g2 Ng8f6
4.O-O Nb8c6
5.d3 Bc8g4
6.c4 e6
7.h3 Bg4xf3
8.Bg2xf3 Bf8e7
9.Nb1c3 O-O
10.cxd5 exd5
11.Bf3g2 h6
12.e4 d4
13.Nc3e2 Qd8d7
14.Kh2 Ra8c8
15.f4 b6
16.Bc1d2 a5
17.Qd1b3 Rc8b8
18.e5 Nf6e8
19.Qb3b5 Nc6xe5
20.Qb5xd7 Ne5xd7
21.Ra1e1 Be7d6
22.g4 Ne8c7
23.Ne2g3 Rf8e8
24.Ng3e4 Bd6f8
25.Kg3 Bf8e7
26.Re1e2 Be7f8
27.Rf1e1 g6
28.Kf2 Bf8e7
29.Ne4g5 Be7xg5
30.Re2xe8 Nc7xe8
31.fxg5 hxg5
32.Bg2c6 Ne8f6
33.Bd2xg5 Kg7
34.Re1e7 Kf8
35.Re7e1 Rb8c8
36.Bg5h6 Kg8
37.Bc6b5 Kh7
38.Bh6g5 Kg7
39.Re1e7 Nd7f8
40.Bb5c4 Nf8h7
41.Re7xf7 Kh8
42.Bg5xf6 Nh7xf6
43.Rf7xf6 { resign }
1-0

[Event "Tourn. n7927"]
[Site "www.chess-mail.com"]
[Date "2015.02.23"]
[Round "1"]
[White "Ranjachess"]
[Black "Genius9"]
[WhiteElo "1420"]
[BlackElo "1220"]
[Result "0-1"]
[Round "1"]
1.d4 d5
2.Nb1c3 Ng8f6
3.Ng1f3 Nb8c6
4.Bc1f4 a6
5.e3 Bc8f5
6.Bf1d3 e6
7.Bf4g5 Bf5g6
8.Qd1d2 Bf8e7
9.Nf3e5 Nc6xe5
10.dxe5 Nf6d7
11.f4 Be7xg5
12.Bd3xg6 hxg6
13.fxg5 Qd8xg5
14.O-O Qg5xe5
15.Ra1d1 Nd7b6
16.b3 Qe5xh2
17.Kf2 Rh8h5
18.Rf1h1 Qh2e5
19.Nc3a4 Nb6xa4
20.bxa4 O-O-O
21.e4 Rh5xh1
22.Rd1xh1 dxe4
23.Qd2e3 f5
24.Ke2 Qe5d4
25.Rh1h3 Qd4xe3
26.Kxe3 g5
27.g3 b6
28.c4 Rd8d3
29.Ke2 f4
30.Rh3h8 Kb7
31.gxf4 gxf4
32.Rh8f8 f3
33.Kf2 Rd3a3
34.Rf8f4 Ra3xa2
35.Kf1 Ra2xa4
36.Rf4xe4 b5
37.Kf2 Ra4xc4
38.Re4xe6 b4
39.Kxf3 b3
40.Re6e2 Rc4c2
41.Re2e1 a5
42.Re1b1 a4
43.Ke3 c5
44.Rb1a1 b2
45.Ra1b1 a3
46.Kd3 Rc2c1
{ resign }
0-1

[Event "Tourn. n7890"]
[Site "www.chess-mail.com"]
[Date "2015.02.23"]
[Round "1"]
[White "Picifarkinca"]
[Black "Osopanda"]
[WhiteElo "1910"]
[BlackElo "1910"]
[Result "1/2-1/2"]
[Round "1"]
1.e4 c5
2.Ng1f3 d6
3.Bf1b5 Nb8c6
4.d4 cxd4
5.Nf3xd4 Bc8d7
6.c4 e6
7.Nb1c3 Ng8e7
8.O-O g6
9.Bc1e3 Bf8g7
10.Ra1c1 O-O
11.Qd1d2 a6
12.Bb5a4 Ra8c8
13.Rf1d1 Nc6xd4
14.Be3xd4 Ne7c6
15.Bd4xg7 Kxg7
16.Qd2xd6 b5
17.cxb5 axb5
18.Ba4xb5 Bd7e8
19.Qd6xd8 Nc6xd8
20.Bb5xe8 Rf8xe8
21.Rd1d7 Nd8c6
22.Rc1d1 Nc6e5
23.Rd7b7 Re8d8
24.Rd1xd8 Rc8xd8
25.f4 Ne5d3
26.g3 Nd3c5
27.Rb7b5 Nc5d3
28.Kf1 h5
29.e5 Nd3c1
30.a4 Nc1d3
31.h3 Rd8d4
32.Ke2 Nd3c1
33.Ke1 h4
34.gxh4 Rd4xf4
35.a5 Rf4xh4
36.a6 Rh4xh3
37.a7 Nc1d3
38.Kd2 Nd3f4
39.a8Q Rh3d3
40.Kc2 Rd3d7
41.Rb5b8 Kh6
42.Qa8h1 Nf4h5
43.Rb8h8 { draw }
1/2-1/2

[Event "Tourn. n7970"]
[Site "www.chess-mail.com"]
[Date "2015.02.23"]
[Round "1"]
[White "Difficult"]
[Black "Scasan55"]
[WhiteElo "1880"]
[BlackElo "1900"]
[Result "1-0"]
[Round "1"]
1.c4 Ng8f6
2.Nb1c3 e6
3.d4 Bf8b4
4.e3 Bb4xc3
5.bxc3 O-O
6.Ng1f3 b6
7.Bf1d3 Bc8b7
8.O-O c5
9.Bc1a3 d6
10.Qd1e2 Nb8c6
11.Ra1b1 Rf8e8
12.Rf1d1 Qd8c7
13.Nf3d2 Nc6e7
14.e4 Ne7g6
15.Qe2e3 Bb7a6
16.dxc5 dxc5
17.g3 Re8d8
18.Bd3e2 Rd8d7
19.Nd2f3 Ra8d8
20.Rd1xd7 Rd8xd7
21.Kg2 Qc7c6
22.Nf3d2 Ng6e5
23.h3 Qc6a4
24.Rb1b3 Ne5xc4
{ time. }
1-0

[Event "Tourn. n7966"]
[Site "www.chess-mail.com"]
[Date "2015.02.23"]
[Round "1"]
[White "Gandalf"]
[Black "Gatrooper"]
[WhiteElo "1580"]
[BlackElo "1440"]
[Result "1-0"]
[Round "1"]
1.d4 d5
2.c4 dxc4
3.e3 Bc8e6
4.Nb1c3 a6
5.d5 Be6c8
6.Bf1xc4 Ng8f6
7.e4 h6
8.Ng1f3 Bc8g4
9.h3 Bg4xf3
10.Qd1xf3 e5
11.O-O Nb8d7
12.a3 Nd7c5
13.Rf1e1 b5
14.Bc4a2 Bf8d6
15.b4 Nc5b7
16.Bc1b2 g5
17.Ra1d1 g4
18.hxg4  { time }
1-0

[Event "Tourn. n8022"]
[Site "www.chess-mail.com"]
[Date "2015.02.23"]
[Round "1"]
[White "Genius9"]
[Black "Oliverio"]
[WhiteElo "1520"]
[BlackElo "1670"]
[Result "1-0"]
[Round "1"]
1.e4 e5
2.Ng1f3 Nb8c6
3.Bf1b5 a6
4.Bb5a4 f5
5.Nb1c3 Ng8f6
6.d3 Bf8b4
7.Ba4xc6 dxc6
8.Bc1g5 h6
9.Bg5xf6  { time }
1-0

[Event "Tourn. n7886"]
[Site "www.chess-mail.com"]
[Date "2015.02.23"]
[Round "1"]
[White "Picifarkinca"]
[Black "Osopanda"]
[WhiteElo "1890"]
[BlackElo "1910"]
[Result "1/2-1/2"]
[Round "1"]
1.Ng1f3 Ng8f6
2.c4 g6
3.Nb1c3 Bf8g7
4.g3 O-O
5.Bf1g2 d6
6.O-O c6
7.d4 Nb8d7
8.e4 e5
9.d5 Nd7b6
10.Nf3d2 Bc8g4
11.f3 Bg4d7
12.a4 a5
13.Ra1b1 Ra8c8
14.b4 axb4
15.Rb1xb4 c5
16.Rb4b2 Rc8a8
17.Qd1b3 Nb6xa4
18.Nc3xa4 Bd7xa4
19.Qb3b6 Ra8b8
20.Nd2b1 Qd8xb6
21.Rb2xb6 Ba4c2
22.Rf1f2 Bc2d3
23.Bg2f1 Bd3xf1
24.Kxf1 Rf8d8
25.Rf2b2 Rd8d7
26.Nb1c3 Nf6e8
27.Rb2a2 Bg7f8
28.Nc3b5 f5
29.Bc1g5 Kg7
30.Ra2a7 h6
31.Bg5d2 fxe4
32.fxe4 Rd7f7
33.Kg2 g5
34.Nb5c3 Kg6
35.Nc3a4 Ne8f6
36.Na4c3 Nf6g4
37.Nc3d1 Ng4f6
38.Nd1f2 Nf6d7
39.Rb6xb7 Rb8xb7
40.Ra7xb7 Nd7f6
41.Rb7xf7 Kxf7
42.h3 Nf6d7
43.Bd2a5 Bf8e7
44.Nf2g4 Kg6
45.Ba5c7 h5
46.Ng4f2 Nd7f6
47.Kf3 Nf6e8
48.Bc7a5 Ne8f6
49.Ke3 Nf6d7
50.Ba5c7 Nd7f6
51.Kd3 Nf6e8
52.Bc7a5 Ne8f6
53.Kc3 Nf6d7
54.Ba5c7 Nd7f6
55.Kb3 g4
56.h4 { draw }
1/2-1/2

[Event "Tourn. n7984"]
[Site "www.chess-mail.com"]
[Date "2015.02.23"]
[Round "1"]
[White "Hansen"]
[Black "Gatrooper"]
[WhiteElo "1470"]
[BlackElo "1480"]
[Result "1-0"]
[Round "1"]
1.Ng1f3 Nb8c6
2.e3 e5
3.e4 d6
4.d3 a6
5.h3 h6
6.Nb1c3 Ng8f6
7.g4 Bf8e7
8.g5 Nf6d7
9.gxh6 gxh6
10.Nc3d5 Nd7f6
11.Nd5xf6 Be7xf6
12.c3 Bc8d7
13.Qd1b3 b5
14.Rh1g1 Bd7e6
15.c4 bxc4
16.dxc4 Ra8b8
17.Qb3a4 Be6d7
18.Qa4xa6 Rb8a8
19.Qa6b5 Nc6d4
20.Qb5d5 Nd4c2
21.Ke2 Nc2xa1
22.b3 Ra8xa2
23.Ke1 Na1c2
24.Kd1 Qd8b8
25.c5 Bd7e6
26.Qd5c6 Be6d7
27.Qc6d5 Bd7e6
28.Qd5c6  { time }
1-0

[Event "Tourn. n7984"]
[Site "www.chess-mail.com"]
[Date "2015.02.23"]
[Round "1"]
[White "Gatrooper"]
[Black "Vinvangogh"]
[WhiteElo "1460"]
[BlackElo "1260"]
[Result "0-1"]
[Round "1"]
1.e4 e5
2.a3 Ng8f6
3.Nb1c3 Bf8c5
4.d3 d5
5.Bc1g5 Nb8c6
6.Bg5xf6 Qd8xf6
7.Ng1f3 Bc8e6
8.exd5 Be6g4
9.Bf1e2 O-O
10.dxc6 bxc6
11.h3 Bg4xf3
12.Be2xf3 Ra8d8
13.Nc3e4 Qf6e7
14.Qd1e2 Qe7d7
15.Ne4xc5 Qd7d4
16.Nc5b7 Rd8b8
17.Bf3xc6 Qd4xb2
18.O-O Rb8e8
 { time }
0-1

[Event "Tourn. n7949"]
[Site "www.chess-mail.com"]
[Date "2015.02.23"]
[Round "1"]
[White "Neverless"]
[Black "Nimzo"]
[WhiteElo "2650"]
[BlackElo "2660"]
[Result "0-1"]
[Round "1"]
1.e4 e6
2.d4 d5
3.Nb1c3 Ng8f6
4.Bc1g5 dxe4
5.Nc3xe4 Bf8e7
6.Bg5xf6 gxf6
7.Ng1f3 f5
8.Ne4c3 a6
9.Qd1e2 b5
10.O-O-O b4
11.Nc3a4 Qd8d5
12.c4 Qd5a5
13.b3 Bc8d7
14.d5 Bd7xa4
15.bxa4 O-O
16.h4 Qa5xa4
17.Rh1h3 Qa4a3
18.Kb1 b3
19.Nf3d4 bxa2
20.Qe2xa2 Qa3d6
21.c5 Qd6xc5
22.dxe6 Nb8c6
23.exf7 Kh8
24.Nd4xc6 Qc5xc6
25.Bf1c4 Be7f6
26.Qa2c2 Bf6g7
27.Kc1 a5
28.Bc4d5 Bg7h6
29.Rd1d2 Bh6xd2
{ resign }
0-1

[Event "Tourn. n7984"]
[Site "www.chess-mail.com"]
[Date "2015.02.23"]
[Round "1"]
[White "Gatrooper"]
[Black "Powerchess"]
[WhiteElo "1480"]
[BlackElo "1340"]
[Result "0-1"]
[Round "1"]
1.e4 e5
2.a3 Nb8c6
3.Ng1f3 Ng8f6
4.Nb1c3 d6
5.Bf1b5 Bc8d7
6.Bb5xc6 Bd7xc6
7.d3 Bf8e7
8.h3 O-O
9.Nf3g5 h6
10.Ng5f3 Rf8e8
11.Bc1e3 Be7f8
12.Qd1e2 a6
13.O-O-O b5
14.Kd2 a5
15.g4 b4
16.Nc3a2 Ra8b8
 { time }
0-1

[Event "Tourn. n8022"]
[Site "www.chess-mail.com"]
[Date "2015.02.23"]
[Round "1"]
[White "Nimzo2"]
[Black "Oliverio"]
[WhiteElo "1499"]
[BlackElo "1670"]
[Result "1-0"]
[Round "1"]
1.e4 c5
2.Ng1f3 d6
3.Bf1d3 Nb8c6
4.c3 Ng8f6
5.O-O g6
6.Bd3c2 Bf8g7
7.Rf1e1 O-O
8.d4 b6
9.Bc2a4 Bc8b7
10.Nb1d2 a6
11.Nd2f1 b5
12.Ba4c2 e5
13.Bc1g5 Qd8c7
14.d5 Nc6e7
15.Qd1d2 Nf6e8
16.Ra1d1 f6
17.Bg5h6  { time }
1-0

[Event "Tourn. n8013"]
[Site "www.chess-mail.com"]
[Date "2015.02.23"]
[Round "1"]
[White "Sontuozio"]
[Black "Osopanda"]
[WhiteElo "2190"]
[BlackElo "2080"]
[Result "0-1"]
[Round "1"]
1.d4 Ng8f6
2.Ng1f3 g6
3.c4 Bf8g7
4.Nb1c3 d6
5.e4 c6
6.Bf1e2 Qd8c7
7.Bc1f4 O-O
8.e5 Nf6h5
9.exd6 exd6
10.Bf4e3 Bc8g4
11.h3 Bg4e6
12.Qd1d2 Nb8d7
13.Be3h6 Bg7xh6
14.Qd2d1 Nh5g7
15.O-O d5
16.cxd5 cxd5
17.Nf3h2 a6
18.Nh2g4 Bh6f4
19.Be2f3 f5
20.Ng4e3 Nd7f6
21.Ne3xd5 Nf6xd5
22.Nc3xd5 Bf4h2
23.Kh1 Qc7d6
24.Nd5e3 Bh2f4
25.b3 Rf8d8
26.Bf3xb7 Ra8b8
27.Bb7xa6 Qd6xa6
{ resign }
0-1

[Event "Tourn. n7954"]
[Site "www.chess-mail.com"]
[Date "2015.02.23"]
[Round "1"]
[White "Kozakliuty"]
[Black "Gatrooper"]
[WhiteElo "1480"]
[BlackElo "1390"]
[Result "1-0"]
[Round "1"]
1.d3 d5
2.g3 e5
3.Bf1g2 d4
4.Nb1d2 Ng8f6
5.Ng1f3 Nb8c6
6.O-O h6
7.a3 a6
8.Rf1e1 Bf8e7
9.Nd2e4 Nf6xe4
10.dxe4 Bc8g4
11.Bc1d2 Bg4xf3
12.exf3 Qd8d6
13.Ra1c1 Be7g5
14.Bd2xg5 hxg5
15.h3 Nc6e7
16.g4 O-O-O
17.Qd1d3 Ne7g6
18.b4  { time }
1-0

[Event "Match"]
[Site "www.echecsemail.com"]
[Date "2015.02.23"]
[Round "1"]
[White "Nimzo"]
[Black "Ostapbender"]
[WhiteElo "2299"]
[BlackElo "2620"]
[Result "1/2-1/2"]
[Round "1"]
1.d4 Ng8f6
2.c4 g6
3.g3 Bf8g7
4.Bf1g2 O-O
5.Nb1c3 d6
6.Ng1f3 Nb8d7
7.O-O e5
8.e4 c6
9.h3 Qd8b6
10.Rf1e1 exd4
11.Nf3xd4 Rf8e8
12.Nd4c2 Qb6a5
13.Bc1d2 Qa5c7
14.Bd2e3 Nd7c5
15.Be3f4 Re8d8
16.Qd1e2 Nf6d7
17.Ra1d1 Nd7e5
18.Bf4c1 a5
19.Bc1e3 Bc8e6
20.Nc2a3 a4
21.f4 Ne5d7
22.Qe2f2 f6
23.Kh2 Rd8e8
24.Na3b5 cxb5
25.Nc3xb5 Qc7a5
26.Nb5xd6 Bg7f8
27.Nd6xe8 Ra8xe8
28.Qf2c2 b5
29.Bg2f1 b4
30.b3 Re8a8
31.Re1e2 Qa5c7
32.Be3d2 h5
33.Bf1g2 h4
34.gxh4 axb3
35.axb3 Ra8a3
36.Rd1b1 Bf8h6
37.Re2f2 Qc7d6
38.Bd2xb4 Bh6xf4
39.Kh1 Ra3a7
40.Bb4c3 Bf4e5
41.Rb1d1 Qd6b6
42.Bc3xe5 Nd7xe5
43.Rf2xf6 Nc5d7
44.Rf6f1 Ra7b7
45.Qc2c1 Qb6xb3
46.Qc1g5 Be6xh3
47.Rd1xd7 Rb7xd7
48.Qg5xe5 Kh7
49.c5 Qb3e3
50.Rf1g1 Bh3xg2
51.Rg1xg2 Qe3h3
52.Qe5h2 Qh3f3
53.Qh2g3 { draw }
1/2-1/2

[Event "Match"]
[Site "www.echecsemail.com"]
[Date "2015.02.23"]
[Round "1"]
[White "Cardiff"]
[Black "Chapi"]
[WhiteElo "1950"]
[BlackElo "1990"]
[Result "0-1"]
[Round "1"]
1.e4 c5
2.Ng1f3 Nb8c6
3.Bf1b5 d6
4.d4 cxd4
5.Nf3xd4 Bc8d7
6.Nb1c3 g6
7.Bb5xc6 bxc6
8.O-O Bf8g7
9.Bc1e3 e5
10.Nd4e2 Ng8e7
11.Qd1xd6 O-O
12.Rf1d1 Bd7g4
13.f3 Bg4e6
14.Qd6xd8 Rf8xd8
15.Kf2 f5
16.Be3g5 Kf7
17.Rd1xd8 Ra8xd8
18.Bg5e3 a6
19.Ke1 f4
20.Be3d2 g5
21.Ra1d1 h5
22.g3 g4
23.fxg4 f3
24.Ne2g1 hxg4
25.h3 gxh3
26.Kf2 Kg6
27.Kxf3 Rd8f8
28.Ke2 Be6g4
29.Ke1 h2
{ resign }
0-1

[Event "Match"]
[Site "www.echecsemail.com"]
[Date "2015.02.23"]
[Round "1"]
[White "Ranjachess"]
[Black "Rindrandria"]
[WhiteElo "1730"]
[BlackElo "1510"]
[Result "1-0"]
[Round "1"]
1.e4 e6
2.d4 Bf8e7
3.Qd1g4 g6
4.Ng1f3 Ng8f6
5.Qg4g3 Nf6xe4
6.Qg3e5 Ne4f6
7.Bc1g5 d6
8.Qe5e3 Nf6d5
9.Bg5xe7 Nd5xe3
10.Be7xd8 Ne3xc2
11.Kd1 Nc2xa1
12.Bd8xc7 Kd7
13.Bc7xb8 Ra8xb8
14.Nb1c3 b6
15.d5 Bc8b7
16.Bf1c4 Rb8c8
17.b3 Bb7a6
18.Kd2 Ba6xc4
19.bxc4 Rc8xc4
20.Rh1xa1 exd5
21.Nc3xd5 Rc4d4
22.Nf3xd4 Kc8
23.f4 Rh8e8
24.Ra1e1 Re8xe1
25.Kxe1 f5
26.Nd4f3 Kb7
27.Nf3g5 h6
28.Ng5f7 h5
29.Nf7xd6 Kc6
30.Nd5xb6 axb6
31.Nd6f7 Kd5
32.Kd2 Ke4
33.g3 Kf3
34.Nf7e5 Kg2
35.Ne5xg6 Kxh2
36.Ke3 Kxg3
37.Kd4 h4
38.Ng6xh4 Kxh4
39.Ke5 b5
40.Kxf5 Kh5
41.Ke6 Kh6
42.f5 Kg7
43.Ke7 b4
44.f6 { resign }
1-0